[Event "POL-chT2"]
[Site "Poronin POL"]
[Date "2016.09.05"]
[Round "3.21"]
[White "Miroslaw, Michal"]
[Black "Kolosowski, Mateusz"]
[Result "0-1"]
[WhiteElo "2312"]
[BlackElo "2426"]
[EventDate "2016.09.02"]

1.e4 e5 2.Nf3 Nc6 3.Bb5 a6 4.Ba4 Nf6 5.d3 d6 6.O-O b5 7.Bb3 Na5 8.Bg5 Be7 
9.Nbd2 h6 10.Bxf6 Bxf6 11.a4 Nxb3 12.Nxb3 b4 13.Na5 c6 14.Nc4 O-O 15.a5 
Rb8 16.Nb6 Bb7 17.Qd2 c5 18.Qe3 Be7 19.Nd2 f5 20.f3 Bc6 21.Kh1 Bg5 22.Qe2 
Bf4 23.Ndc4 Qh4 24.g3 Bxg3 25.Qg2 Bf4 26.Nxd6 fxe4 27.dxe4 Rf6 28.Rad1 Rg6
29.Qf2 Bg3 30.Qg2 Rf8 31.Nf5 Rxf5 32.exf5 Rg5 33.Nd5 Kf7 34.Rd2 Be1 35.Qe2
Bxd2 36.Qxd2 Qc4 37.Ne3 Qxf1+ 0-1

[Event "POL-chT2"]
[Site "Poronin POL"]
[Date "2016.09.05"]
[Round "3.22"]
[White "Cukrowski, Filip"]
[Black "Panas, Pawel"]
[Result "1/2-1/2"]
[WhiteElo "2367"]
[BlackElo "2132"]
[EventDate "2016.09.02"]

1.e4 e6 2.d4 d5 3.Nd2 dxe4 4.Nxe4 Bd7 5.Nf3 Bc6 6.Bd3 Nd7 7.O-O Ngf6 8.
Ned2 Be7 9.b3 O-O 10.Bb2 b6 11.c4 Bb7 12.Qe2 c5 13.Rad1 Re8 14.Bb1 Qc7 15.
Ne5 cxd4 16.Bxd4 Rad8 17.Ndf3 Nxe5 18.Nxe5 Bc5 19.Bc3 Rxd1 20.Rxd1 Rd8 21.
Rxd8+ Qxd8 22.b4 Be7 23.a3 Bf8 24.f3 Be7 25.Bc2 Qd6 26.Kf2 Kf8 27.Qd3 h6 
28.Qd4 Ba8 29.Bd3 Bb7 30.Be2 Ba8 31.g3 Bb7 32.Qxd6 Bxd6 33.Nd3 Ba6 34.Nc1 
Bb7 35.Nb3 Nd7 36.a4 Bc6 37.a5 Ba4 38.axb6 axb6 39.Nc1 Bc6 40.Nd3 e5 41.
Ke3 Ke7 42.Bb2 f5 43.Ba3 Ke6 44.Bd1 g5 45.Bb3 Ke7 46.c5 Bc7 47.Nf2 bxc5 
48.bxc5 Ba5 49.Bc2 Kf6 50.g4 Bc3 51.Bxf5 Bd4+ 52.Ke2 Nxc5 53.Ne4+ Nxe4 54.
Bxe4 Bb5+ 55.Bd3 Be8 56.Bb4 Bb6 57.Be1 h5 58.h3 hxg4 59.hxg4 Bc6 60.Bb4 
Bd5 61.Be4 1/2-1/2

[Event "POL-chT2"]
[Site "Poronin POL"]
[Date "2016.09.05"]
[Round "3.23"]
[White "Polkowski, Piotr"]
[Black "Goluch, Piotr"]
[Result "0-1"]
[WhiteElo "2103"]
[BlackElo "2330"]
[EventDate "2016.09.02"]

1.e4 c6 2.d4 d5 3.Nc3 dxe4 4.Nxe4 Bf5 5.Ng3 Bg6 6.Nf3 Nd7 7.Bd3 Bxd3 8.
Qxd3 e6 9.O-O Ngf6 10.c4 Bd6 11.b3 O-O 12.Bb2 Qc7 13.Qe2 Rad8 14.Rfd1 Rfe8
15.Rac1 Bf4 16.Ra1 Ng4 17.Nf1 c5 18.h3 Nh6 19.Bc1 Nf5 20.Bxf4 Qxf4 21.Qd2 
Qc7 22.Ne3 Nxd4 23.Nxd4 cxd4 24.Qxd4 Nc5 25.Qc3 Ne4 26.Qb2 f5 27.Nf1 Qc5 
28.Nh2 Ng5 29.Qe2 Ne4 30.Qe3 Qxe3 31.fxe3 Nc3 32.Rxd8 Rxd8 33.Nf3 Nd1 34.
Nd4 Nxe3 35.Nxe6 Rd2 36.Nf4 g5 37.Nd5 Rxg2+ 38.Kh1 Re2 39.Nxe3 Rxe3 40.Rd1
Kf7 41.Rd7+ Re7 42.Rd6 h5 43.Kg2 Re2+ 44.Kf3 Rxa2 45.Rd7+ Kf6 46.Rxb7 g4+ 
47.Kg3 h4+ 0-1

[Event "POL-chT2"]
[Site "Poronin POL"]
[Date "2016.09.05"]
[Round "3.24"]
[White "Jakubowska, Anna"]
[Black "Toma, Katarzyna"]
[Result "0-1"]
[WhiteElo "2205"]
[BlackElo "2324"]
[EventDate "2016.09.02"]

1.e4 e5 2.Nf3 d6 3.d4 Nd7 4.Bc4 c6 5.a4 a5 6.O-O Be7 7.Re1 Ngf6 8.Nc3 O-O 
9.Ba2 h6 10.h3 Re8 11.Nh4 exd4 12.Qxd4 Nc5 13.Ng6 Be6 14.Nxe7+ Qxe7 15.Bd2
Bxa2 16.Rxa2 Qe5 17.Qxe5 dxe5 18.f3 Ne6 19.Ne2 Red8 20.Bc3 Nd7 21.Raa1 f6 
22.Red1 Kf7 23.b3 Ndc5 24.Rxd8 Nxd8 25.Rd1 Nde6 26.Be1 Ke7 27.Kf2 b6 28.
Ke3 Nc7 29.g3 h5 30.Nc1 N7e6 31.Ne2 g6 32.h4 Na6 33.Kd2 Nb4 34.Kc1 f5 35.
exf5 gxf5 36.Bf2 c5 37.c3 Nc6 38.Kc2 Rg8 39.Re1 Kf6 40.Rd1 Rd8 41.Rxd8 
Nexd8 42.Kd3 Ke6 43.Be3 Nf7 44.Ng1 Nd6 45.Nh3 Kd5 46.Nf2 e4+ 47.fxe4+ 
fxe4+ 48.Ke2 Nf5 49.Bf4 Ne5 50.Nd1 c4 51.bxc4+ Nxc4 52.Bc7 Kc6 53.Bf4 b5 
54.axb5+ Kxb5 55.Bc1 Nxg3+ 56.Kf2 Nf5 57.Ke2 Nxh4 58.Nf2 Nd6 59.Ke3 Kc4 
60.Ba3 Nhf5+ 61.Ke2 Kxc3 62.Nd1+ Kb3 63.Bc5 a4 64.Ne3 a3 65.Nxf5 Nxf5 0-1

[Event "POL-chT2"]
[Site "Poronin POL"]
[Date "2016.09.05"]
[Round "3.25"]
[White "Krysztofiak, Marcin"]
[Black "Kolago, Marcin"]
[Result "1/2-1/2"]
[WhiteElo "2378"]
[BlackElo "2361"]
[EventDate "2016.09.02"]

1.d4 g6 2.e4 Bg7 3.Nf3 d6 4.c3 Nf6 5.Bd3 O-O 6.O-O Nbd7 7.Re1 e5 8.a4 a5 
9.Na3 Re8 10.h3 d5 11.dxe5 Nxe5 12.Nxe5 Rxe5 13.Bf4 Re7 14.exd5 Rxe1+ 15.
Qxe1 Nxd5 16.Bg3 Bd7 17.Be4 Qg5 18.h4 Qh5 19.Qd1 Qxd1+ 20.Rxd1 c6 21.Bxd5 
cxd5 22.Nb5 Bc6 23.f3 Re8 24.Kf1 Bf6 25.Bf2 h5 26.Rd2 Re7 27.Bc5 Rd7 28.
Bf2 Re7 29.Bc5 Rd7 30.Bf2 Re7 1/2-1/2

[Event "POL-chT2"]
[Site "Poronin POL"]
[Date "2016.09.05"]
[Round "3.26"]
[White "Wiewiora, Eneasz"]
[Black "Grabarczyk, Miroslaw"]
[Result "0-1"]
[WhiteElo "2288"]
[BlackElo "2438"]
[EventDate "2016.09.02"]

1.e4 e5 2.Nf3 Nf6 3.Nxe5 d6 4.Nxf7 Kxf7 5.d4 c6 6.Nc3 g6 7.Bd3 Bg7 8.O-O 
Re8 9.h3 Kg8 10.f4 Na6 11.a3 Qb6 12.Be3 Nxe4 13.Bxe4 d5 14.Nxd5 cxd5 15.
Bxd5+ Kh8 16.Bf2 Qxb2 17.Re1 Bf5 18.Rb1 Qc3 19.Bxb7 Nc7 20.Bxa8 Rxa8 21.
Rb3 Qc6 22.d5 Nxd5 23.Bd4 Bxc2 24.Bxg7+ Kg8 25.Qc1 Rc8 26.Rb2 Kxg7 27.Re2 
Bf5 28.Qxc6 Rxc6 29.Rb7+ Kf6 30.Rxa7 Nxf4 31.Rd2 h5 32.a4 Rc1+ 33.Kf2 h4 
34.a5 Ra1 35.Ra8 Ra3 36.a6 Kg5 37.a7 Be4 38.Rb8 Rxa7 39.Rb5+ Bf5 40.Rbb2 
Nd3+ 41.Rxd3 Bxd3 42.g3 hxg3+ 43.Kxg3 Ra3 44.h4+ Kh5 45.Rb8 Bf5+ 46.Kf4 
Ra4+ 47.Kg3 Rg4+ 48.Kf3 Kxh4 49.Rg8 Ra4 0-1

[Event "POL-chT2"]
[Site "Poronin POL"]
[Date "2016.09.05"]
[Round "3.27"]
[White "Borgula, Rafal"]
[Black "Mulet, Piotr"]
[Result "0-1"]
[WhiteElo "2240"]
[BlackElo "2279"]
[EventDate "2016.09.02"]

1.e4 e6 2.d4 d5 3.Nc3 Bb4 4.exd5 exd5 5.Bd3 Nc6 6.a3 Be7 7.Be3 Nf6 8.h3 
O-O 9.Qf3 Na5 10.Nge2 Nc4 11.Bxc4 dxc4 12.d5 Qd7 13.Ng3 c6 14.dxc6 Qxc6 
15.Qxc6 bxc6 16.O-O-O Be6 17.Nge4 Nd5 18.Bd4 Rfd8 19.Nxd5 cxd5 20.Nc3 Rd7 
21.Rhe1 Rb7 22.Be5 Rd8 23.f4 h5 24.Rd2 a6 25.g4 Bh4 26.Rg1 f6 27.Bd4 Bf7 
28.Re2 Rbd7 29.Na4 Re8 30.Rxe8+ Bxe8 31.Nc5 Re7 32.Kd2 Bg6 33.f5 Be8 34.
gxh5 Bxh5 35.Ne6 Bf3 36.Bc5 Rd7 37.Bf8 g5 38.fxg6 d4 39.Bh6 Rd6 40.Nc5 Rd5
41.b4 Re5 42.Kc1 c3 43.Nd3 Re2 44.Nf4 Rh2 45.g7 Be4 46.Nd3 Rxh3 47.a4 Bxd3
48.cxd3 Bg3 49.Kc2 Bd6 50.Rg6 Rh2+ 51.Kb3 Rb2+ 52.Kc4 Rxb4+ 53.Kd5 Be5 54.
Rg1 Rb2 55.Ke6 Rh2 56.Bg5 Rf2 57.Bh6 Rf3 58.Rb1 Rh3 59.Bg5 Kxg7 60.Ke7 0-1

[Event "POL-chT2"]
[Site "Poronin POL"]
[Date "2016.09.05"]
[Round "3.29"]
[White "Konieczynski, Piotr"]
[Black "Sapeta, Robert"]
[Result "1-0"]
[WhiteElo "1950"]
[BlackElo "2075"]
[EventDate "2016.09.02"]

1.d4 g6 2.Nf3 Bg7 3.c4 d6 4.Nc3 Nc6 5.d5 Na5 6.e4 c5 7.Bd3 Nf6 8.h3 O-O 9.
O-O a6 10.Qe2 e5 11.dxe6 fxe6 12.e5 dxe5 13.Nxe5 Nh5 14.Rd1 Qc7 15.Ng4 Nc6
16.Bg5 Nf4 17.Qe4 Nd4 18.Bf1 Nxh3+ 19.gxh3 Nf3+ 20.Kg2 Nxg5 21.Qe3 Qc6+ 
22.Kh2 Nf3+ 23.Kh1 h5 24.Nh2 Bd4 25.Qh6 Nh4+ 26.f3 Rxf3 27.Nd5 Rf7 28.Bg2 
Nxg2 29.Qxg6+ Rg7 30.Ne7+ Kf8 31.Qxg7+ Kxg7 32.Nxc6 bxc6 33.Kxg2 Rb8 34.
Rd2 e5 35.Nf3 Bf5 36.Nxd4 cxd4 37.c5 Kf6 38.h4 Rg8+ 39.Kf2 Rg4 40.Rh1 Ke6 
41.Rg1 Rxh4 42.Rg5 Rf4+ 43.Ke1 Bg4 44.b4 Kd5 45.Rg6 Bf3 46.Rg5 Rg4 47.Rf5 
Rg1+ 48.Kf2 Rg2+ 49.Ke1 Rxd2 50.Kxd2 Ke4 51.Rf6 Bg2 52.Rxc6 Kf5 53.Rd6 h4 
54.c6 h3 55.c7 Bb7 56.Rd8 Kg4 57.c8=Q+ Bxc8 58.Rxc8 e4 59.Ke2 h2 60.Rh8 
Kg3 61.a4 Kg2 62.Rg8+ Kh3 63.b5 axb5 64.axb5 h1=Q 65.Rh8+ Kg2 66.Rxh1 Kxh1
67.b6 Kg2 68.b7 d3+ 69.Ke3 d2 70.Kxd2 Kf2 71.b8=Q e3+ 72.Kd3 1-0

[Event "POL-chT2"]
[Site "Poronin POL"]
[Date "2016.09.05"]
[Round "3.30"]
[White "Mareckova, Martina"]
[Black "Weglarz, Joanna"]
[Result "1-0"]
[WhiteElo "2173"]
[BlackElo "1986"]
[EventDate "2016.09.02"]

1.e4 c5 2.Nc3 e6 3.g3 Nc6 4.Bg2 Nf6 5.d3 Be7 6.f4 d5 7.e5 Nd7 8.Nf3 b5 9.
O-O b4 10.Ne2 O-O 11.c4 bxc3 12.bxc3 Rb8 13.Qc2 Ba6 14.Rd1 Qc7 15.Bd2 Rb6 
16.Rab1 Rfb8 17.Rxb6 Qxb6 18.Ne1 Qb2 19.Rc1 Qxc2 20.Rxc2 Rb1 21.Kf2 c4 22.
d4 Bb5 23.Rc1 Rb2 24.Rc2 Rxc2 25.Nxc2 a5 26.f5 Nb6 27.Nf4 Nd8 28.Ne3 Na8 
29.fxe6 fxe6 30.Nfxd5 Ba3 31.Nc2 Bf8 32.Ne7+ Bxe7 33.Bxa8 Nc6 34.Ne3 Nb8 
35.Be4 Nd7 36.h4 h6 37.Ng2 Bd8 38.Nf4 Nf8 39.Bf3 Ba4 40.Be2 Bb5 41.Be3 Kf7
42.Bg4 Ba4 43.Bf3 Bc7 44.Bc1 Bd7 45.Ba3 Nh7 46.Bh5+ Kg8 47.Ng6 Bd8 48.Bc5 
Ba4 49.Nf4 Bd7 50.Be2 g5 51.Ng2 Bb5 52.h5 Nf8 53.Bxf8 Kxf8 54.Ne3 1-0

[Event "POL-chT2"]
[Site "Poronin POL"]
[Date "2016.09.06"]
[Round "4.1"]
[White "Jakubowski, Krzysztof"]
[Black "Kolago, Marcin"]
[Result "1/2-1/2"]
[WhiteElo "2529"]
[BlackElo "2361"]
[EventDate "2016.09.02"]

1.d4 Nf6 2.Bg5 d6 3.Bxf6 exf6 4.e3 f5 5.c4 g6 6.Nc3 Bg7 7.g3 O-O 8.Nge2 
Nd7 9.Bg2 Nf6 10.O-O Re8 11.Qd3 Rb8 12.b4 g5 13.b5 h5 14.Nd5 Be6 15.Nxf6+ 
Qxf6 16.Rac1 Bf8 17.Qc3 Bh6 18.f4 Bd7 19.fxg5 Qxg5 20.Nf4 h4 21.Rf3 c6 22.
gxh4 Qe7 23.Rg3+ Kh7 24.Rf1 Rg8 25.bxc6 bxc6 26.Qd3 Rb2 27.Rxg8 Kxg8 28.
Rf3 Qxh4 29.Qa3 Qe1+ 30.Bf1 Bxf4 31.Qxb2 Bxe3+ 32.Kg2 f4 33.Qb8+ Kg7 34.
Qd8 Bf5 35.Qxd6 Qd2+ 36.Kh1 Bg4 37.Qe5+ f6 38.Qe7+ Kg8 39.Qe8+ Kg7 40.Qe7+
Kg8 41.Qe8+ Kg7 42.Qe7+ 1/2-1/2

[Event "POL-chT2"]
[Site "Poronin POL"]
[Date "2016.09.06"]
[Round "4.2"]
[White "Wiewiora, Eneasz"]
[Black "Jaworski, Miroslaw"]
[Result "1/2-1/2"]
[WhiteElo "2288"]
[BlackElo "2263"]
[EventDate "2016.09.02"]

1.e4 c5 2.Nf3 d6 3.Bb5+ Bd7 4.Bxd7+ Qxd7 5.c4 Nc6 6.Nc3 g6 7.d4 cxd4 8.
Nxd4 Bg7 9.Be3 Nf6 10.f3 O-O 11.O-O e6 12.Qd2 Rfd8 13.Rad1 d5 14.cxd5 exd5
15.Nxc6 bxc6 16.exd5 Nxd5 17.Nxd5 Qxd5 18.Qxd5 Rxd5 19.Rxd5 cxd5 20.Rd1 
Bxb2 21.Rxd5 a5 22.a4 Bc3 23.Bd4 Bxd4+ 24.Rxd4 h5 25.h4 Rb8 26.Rd5 Rb4 27.
Rxa5 Rxh4 28.Kf2 Rb4 29.Kg3 Kg7 30.Ra8 Kf6 31.Ra5 1/2-1/2

[Event "POL-chT2"]
[Site "Poronin POL"]
[Date "2016.09.06"]
[Round "4.3"]
[White "Polok, Kacper"]
[Black "Mulet, Piotr"]
[Result "0-1"]
[WhiteElo "2299"]
[BlackElo "2279"]
[EventDate "2016.09.02"]

1.e4 e6 2.d4 d5 3.Nd2 Nf6 4.e5 Nfd7 5.Bd3 c5 6.c3 cxd4 7.cxd4 Nc6 8.Ne2 f6
9.Nf4 Nxd4 10.Qh5+ Ke7 11.exf6+ Nxf6 12.Ng6+ hxg6 13.Qxh8 Kf7 14.Qh4 e5 
15.Nf3 e4 16.Nxd4 Bb4+ 17.Kf1 exd3 18.Bg5 Be7 19.Rd1 Qa5 20.g3 Bg4 21.f3 
Qa4 22.Nb3 Qxa2 23.Nc1 Qxb2 24.Nxd3 Qc2 25.Rd2 Qb1+ 26.Kf2 Qxh1 27.Ne5+ 
Kg8 28.Re2 Bc5+ 29.Be3 Ne4+ 30.fxe4 Rf8+ 0-1

[Event "POL-chT2"]
[Site "Poronin POL"]
[Date "2016.09.06"]
[Round "4.4"]
[White "Raszka, Janusz"]
[Black "Wieczorek, Zbigniew"]
[Result "0-1"]
[WhiteElo "2139"]
[BlackElo "2305"]
[EventDate "2016.09.02"]

1.e4 g6 2.d4 Bg7 3.c4 Nc6 4.Nf3 d6 5.d5 Ne5 6.Nxe5 Bxe5 7.Nc3 Nf6 8.Bd3 c6
9.Ne2 Nd7 10.O-O O-O 11.Rb1 Nc5 12.Bc2 a5 13.Bh6 Re8 14.Qd2 Qb6 15.b3 cxd5
16.exd5 Bg4 17.a3 Bxe2 18.Qxe2 e6 19.Qf3 exd5 20.Qxd5 Qc6 21.Rfd1 Qxd5 22.
Rxd5 Ra6 23.Kf1 Rc8 24.Rbd1 Ne6 25.g3 Bb2 26.a4 Ba3 27.f4 f5 28.g4 Nc7 29.
gxf5 Nxd5 30.Rxd5 Rc5 31.fxg6 hxg6 32.Bxg6 Rxd5 33.cxd5 Rb6 34.Bc2 Rb4 35.
Ke2 Bc1 36.Kf3 Kf7 37.h4 b5 38.axb5 Rxb5 39.h5 Rxd5 40.Bg6+ Kf6 41.Bg5+ 
Kg7 42.Kg4 Bb2 43.f5 Rd4+ 44.Kf3 Rd3+ 45.Ke4 Rxb3 46.h6+ Kf8 47.f6 Rh3 48.
Kf5 a4 49.h7 a3 50.Kg4 Rxh7 51.Bxh7 a2 52.Bg6 Kg8 53.f7+ Kf8 54.Bh6+ Bg7 
0-1

[Event "POL-chT2"]
[Site "Poronin POL"]
[Date "2016.09.06"]
[Round "4.5"]
[White "Obrusnik, Michal"]
[Black "Sapeta, Robert"]
[Result "1/2-1/2"]
[WhiteElo "2276"]
[BlackElo "2075"]
[EventDate "2016.09.02"]

1.e4 c5 2.Nf3 d6 3.d4 cxd4 4.Nxd4 Nf6 5.Nc3 e5 6.Bb5+ Bd7 7.Bxd7+ Qxd7 8.
Nde2 Qc6 9.Ng3 Nbd7 10.O-O g6 11.Kh1 Bg7 12.f4 h5 13.Qf3 h4 14.Nge2 O-O-O 
15.h3 Nc5 16.Nd5 Nxd5 17.exd5 Qa6 18.Re1 e4 19.Qf2 f5 20.Be3 Qc4 21.Bd4 
Bxd4 22.Qxd4 Qxd4 23.Nxd4 Kb8 24.b3 Nd7 25.Kg1 Rc8 26.c4 Nc5 27.Red1 Rhg8 
28.Kf2 g5 29.Nxf5 gxf4 30.Nxh4 e3+ 31.Kf1 Ne4 32.Rd4 Rce8 33.Re1 Nd2+ 34.
Ke2 Ref8 35.Kd3 Rf6 36.Re2 Rh8 37.Nf3 Nxf3 38.gxf3 Rxh3 39.Ke4 Rh4 40.Rg2 
Rf8 41.Kd3 Rh1 42.Re4 Rf7 43.Rg4 Rd1+ 44.Kc2 Rf1 45.c5 Kc7 46.b4 Rxf3 47.
Re8 Rf2+ 48.Kb3 e2 49.Rgg8 Kd7 50.Rb8 Ke7 51.c6 bxc6 52.dxc6 Kf6 53.Rbe8 
f3 54.Rgf8 Rxf8 55.Rxf8+ Ke7 56.c7 e1=Q 57.c8=Q Qe6+ 58.Qxe6+ Kxe6 59.Kc4 
Rc2+ 60.Kd4 f2 61.a4 d5 62.b5 Ra2 63.Ke3 Kd6 64.a5 Rxa5 65.Rxf2 Rxb5 66.
Rf6+ Kc5 67.Ra6 Rb3+ 68.Kd2 Rb7 69.Kd3 Rd7 70.Ra1 Rb7 71.Rc1+ Kd6 72.Ra1 
Kc6 73.Rc1+ Kd6 74.Ra1 Ke6 75.Re1+ Kd6 76.Ra1 Rb3+ 77.Kd4 Rb4+ 78.Kd3 Ke5 
79.Rxa7 Rb3+ 80.Kc2 Rh3 81.Ra4 Re3 82.Kd2 Rg3 83.Rb4 Kd6 84.Ra4 Kc5 85.Rh4
d4 86.Rh8 Rg4 87.Kd3 Rg3+ 88.Kd2 Kd5 89.Rd8+ Kc4 90.Rc8+ Kd5 91.Rd8+ Ke5 
92.Re8+ Kf6 93.Rd8 Rg2+ 94.Kd3 Rg1 95.Rxd4 Rf1 1/2-1/2

[Event "POL-chT2"]
[Site "Poronin POL"]
[Date "2016.09.06"]
[Round "4.6"]
[White "Mareckova, Martina"]
[Black "Zemlickova, Olena"]
[Result "1/2-1/2"]
[WhiteElo "2173"]
[BlackElo "2091"]
[EventDate "2016.09.02"]

1.e4 d6 2.d4 Nf6 3.Nc3 e5 4.Nf3 Nbd7 5.h3 Be7 6.Bc4 c6 7.a4 a5 8.O-O O-O 
9.Qe2 h6 10.Rd1 Qc7 11.d5 Nb6 12.Bb3 cxd5 13.exd5 Nfd7 14.Nb5 Qd8 15.c4 
Nc5 16.Bc2 f5 17.b3 Nbd7 18.Ne1 Nf6 19.Nd3 Nxd3 20.Bxd3 b6 21.f4 e4 22.Bc2
Nd7 23.Nd4 Bf6 24.Ne6 Qe7 25.Nxf8 Bxa1 26.Nxd7 Bxd7 27.Be3 Bc3 28.Bxb6 Bb4
29.Bd4 Kh7 30.Kh2 g6 31.Rg1 Rc8 32.g3 Rg8 33.h4 h5 34.Rd1 Rc8 35.Bb1 Be8 
36.Qe3 Qc7 37.Bc2 Bf7 38.Bb1 Be8 39.Bb6 Qb7 40.Bd4 Qc7 1/2-1/2

[Event "POL-chT2"]
[Site "Poronin POL"]
[Date "2016.09.06"]
[Round "4.7"]
[White "Vovk, Yuri"]
[Black "Krysztofiak, Marcin"]
[Result "1-0"]
[WhiteElo "2596"]
[BlackElo "2378"]
[EventDate "2016.09.02"]

1.e4 c6 2.d4 d5 3.Nc3 dxe4 4.Nxe4 Nd7 5.Bc4 Ngf6 6.Ng5 e6 7.Qe2 Nb6 8.Bd3 
h6 9.N5f3 c5 10.Be3 a6 11.dxc5 Nbd5 12.Bd4 Qc7 13.Qe5 Qa5+ 14.c3 Bxc5 15.
Ne2 O-O 16.O-O Bxd4 17.Nexd4 Qb6 18.c4 Nb4 19.Be2 Bd7 20.Rfd1 Rfd8 21.a3 
Nc6 22.Nxc6 Bxc6 23.b4 Ba4 24.Rd4 Rd7 25.Rc1 Rad8 26.c5 Qc6 27.h3 Rxd4 28.
Nxd4 Qd7 29.Rc4 Nd5 30.Bf3 Ne7 31.Be4 Nc6 32.Nxc6 Bxc6 33.Bxc6 bxc6 34.Rg4
g6 35.Kh2 Kh7 36.Rf4 Kg8 37.g3 Kh7 38.Qf6 Kg8 39.Rh4 h5 40.Rf4 Qc7 41.Rd4 
Rd7 42.Kg2 a5 43.Rxd7 Qxd7 44.bxa5 Qd5+ 45.Kh2 Qxc5 46.Qd8+ Kh7 47.Qb6 
Qxa3 48.a6 h4 49.gxh4 Qd6+ 50.Kg2 Qd5+ 51.Kg3 Qe5+ 52.Kf3 Qc3+ 53.Kg2 Qc4 
54.a7 Qe4+ 55.Kg3 Qe5+ 56.Kf3 Qd5+ 57.Ke3 c5 58.Qb8 Qd4+ 59.Kf3 Qd3+ 60.
Kg2 Qd5+ 61.Kh2 Qf3 62.a8=Q Qxf2+ 63.Qg2 1-0

[Event "POL-chT2"]
[Site "Poronin POL"]
[Date "2016.09.06"]
[Round "4.8"]
[White "Grabarczyk, Miroslaw"]
[Black "Stopa, Jacek"]
[Result "1/2-1/2"]
[WhiteElo "2438"]
[BlackElo "2455"]
[EventDate "2016.09.02"]

1.d4 Nf6 2.c4 c5 3.d5 e6 4.Nc3 exd5 5.cxd5 d6 6.Nf3 g6 7.h3 Bg7 8.e4 O-O 
9.Bd3 b5 10.Bxb5 Nxe4 11.Nxe4 Qa5+ 12.Nfd2 Qxb5 13.Nxd6 Qa6 14.N2c4 Nd7 
15.O-O Ne5 16.Nxe5 Qxd6 17.Nc6 Bb7 18.Qf3 Bxc6 19.dxc6 Rac8 20.Rb1 c4 21.
Be3 Qxc6 22.Qxc6 Rxc6 23.Rfc1 Rfc8 24.Rc2 Be5 25.Rd1 a6 26.Rd5 Bf6 27.g4 
Rb8 28.Bd4 Bxd4 29.Rxd4 Rb5 30.Rdxc4 Rxc4 31.Rxc4 Rxb2 32.Ra4 Rb6 33.Kg2 
Kg7 34.Ra5 Rc6 35.h4 h6 36.Kg3 Kf6 37.h5 Kg7 38.hxg6 fxg6 39.f4 Kf7 40.Kf3
Re6 41.Rc5 Re1 42.Ra5 Re6 43.a4 Rc6 44.Ke4 Re6+ 45.Kf3 Rc6 46.Kg3 Rc3+ 47.
Kh4 Rc4 48.f5 gxf5 49.Rxf5+ Kg6 50.Ra5 Rc6 51.Rd5 Rf6 52.a5 Rf3 53.Rd6+ 
Kg7 54.Rxa6 Ra3 55.Ra7+ Kg6 56.Ra8 Ra1 57.Ra6+ Kg7 58.Kg3 Rg1+ 59.Kf3 Rf1+
60.Ke4 Rg1 61.Kf5 Rf1+ 62.Ke5 Rg1 63.Ra7+ Kg6 64.Ra8 Kg7 65.Kf4 Rf1+ 66.
Ke3 Rg1 67.Kf3 Rf1+ 68.Kg2 Ra1 69.a6 Ra3 70.Kf2 Ra4 71.Kf3 Kh7 72.Kg3 Kg7 
73.Kf3 Kh7 74.a7 Kg7 75.Kg3 1/2-1/2

[Event "POL-chT2"]
[Site "Poronin POL"]
[Date "2016.09.06"]
[Round "4.9"]
[White "Kolosowski, Mateusz"]
[Black "Borgula, Rafal"]
[Result "0-1"]
[WhiteElo "2426"]
[BlackElo "2240"]
[EventDate "2016.09.02"]

1.d4 d5 2.c4 e6 3.Nf3 Nf6 4.g3 c5 5.cxd5 exd5 6.Bg2 Nc6 7.O-O Be7 8.Nc3 
cxd4 9.Nxd4 O-O 10.b3 Re8 11.Bb2 Bg4 12.h3 Bh5 13.Nf5 Bf8 14.g4 Bg6 15.Ng3
Ne4 16.Nxd5 Nxg3 17.fxg3 Qa5 18.Qe1 Qc5+ 19.Kh2 Qc2 20.Qc3 Rxe2 21.Nf4 
Qxb2 22.Nxe2 Qxe2 23.Rf4 Re8 24.Raf1 Qxa2 25.R1f2 Re2 26.Rxe2 Qxe2 27.h4 
Bd6 28.Ra4 Bd3 29.Ra1 Be5 0-1

[Event "POL-chT2"]
[Site "Poronin POL"]
[Date "2016.09.06"]
[Round "4.10"]
[White "Robak, Zbigniew"]
[Black "Cukrowski, Filip"]
[Result "1/2-1/2"]
[WhiteElo "2204"]
[BlackElo "2367"]
[EventDate "2016.09.02"]

1.e4 c5 2.Nf3 d6 3.c3 Nf6 4.Be2 Nc6 5.d4 e6 6.Nbd2 Be7 7.O-O O-O 8.Re1 Qc7
9.dxc5 dxc5 10.Qc2 b6 11.a4 Bb7 12.Nc4 e5 13.Bg5 Nh5 14.Bxe7 Qxe7 15.a5 
Qc7 16.a6 Bc8 17.g3 Nf6 18.Ne3 Ne7 19.Bc4 Rb8 20.Nd5 Nexd5 21.exd5 e4 22.
Ng5 b5 23.Ba2 c4 24.Nxe4 Nxd5 25.Rad1 Qc6 26.Bb1 Bf5 27.Qd2 Rbd8 28.Qg5 
Bg6 29.Rd4 h6 30.Qh4 f5 31.Nd2 Nf6 32.Nf1 Rde8 33.Rxe8 Rxe8 34.Ne3 Qxa6 
35.Bxf5 Bxf5 36.Nxf5 Re1+ 37.Kg2 Qc6+ 38.Kh3 Qe6 39.g4 Re4 40.Rxe4 Nxe4 
41.Qd8+ Kh7 42.Qd4 1/2-1/2

[Event "POL-chT2"]
[Site "Poronin POL"]
[Date "2016.09.06"]
[Round "4.11"]
[White "Goluch, Piotr"]
[Black "Konieczynski, Piotr"]
[Result "1/2-1/2"]
[WhiteElo "2330"]
[BlackElo "1950"]
[EventDate "2016.09.02"]

1.e4 c6 2.d4 d5 3.e5 Bf5 4.h4 h5 5.c4 dxc4 6.Bxc4 e6 7.Nc3 Ne7 8.Bg5 Qc7 
9.Nge2 Nd7 10.Ng3 Bg6 11.Nge4 Nd5 12.O-O Nxc3 13.Nxc3 Nb6 14.Bd3 Bxd3 15.
Qxd3 Be7 16.Ne4 Bxg5 17.hxg5 g6 18.Qa3 Qe7 19.Nd6+ Kd8 20.Qb4 Rh7 21.a4 
Rb8 22.Qa5 Ra8 23.Rac1 Qc7 24.Rfd1 Kd7 25.Ne4 Nd5 26.Qc5 Rhh8 27.Nf6+ Nxf6
28.gxf6 Kc8 29.b4 a6 30.d5 Qxe5 31.dxe6 Qxc5 32.Rxc5 fxe6 33.Re5 Kc7 34.
Rxe6 Rae8 35.Rde1 Rxe6 36.Rxe6 Rh7 37.g3 Rf7 38.Re8 Rxf6 39.Re7+ Kc8 40.
Rg7 Rd6 41.Rg8+ Kc7 42.Rg7+ Kb8 43.f4 a5 44.bxa5 c5 45.Kf2 c4 46.Re7 c3 
47.Re8+ Kc7 48.Re7+ Kc8 49.Re1 c2 50.Rc1 Rc6 51.Ke3 Kd7 52.Kd2 Ke6 53.Re1+
Kf5 54.Kc1 Kg4 55.Re3 Rc4 56.Rb3 Rxa4 57.Kxc2 Rxa5 58.Kd2 Ra2+ 59.Ke1 Rg2 
60.Rb6 Rxg3 61.Rxg6+ Kxf4 62.Rh6 Rg5 63.Kf2 b5 64.Rb6 Ke4 65.Ke2 Kd4 66.
Kd2 Rg2+ 67.Kc1 Kc4 68.Rc6+ Kb4 69.Rf6 Rh2 70.Rf3 h4 71.Re3 Ka4 72.Rf3 b4 
73.Kb1 b3 74.Rf8 h3 75.Rh8 Ka3 76.Ra8+ Kb4 77.Rh8 Kc3 78.Rc8+ Kd3 79.Rh8 
Ke3 80.Re8+ Kf3 81.Rf8+ Kg2 82.Rg8+ Kf1 83.Rg3 b2 84.Rd3 Ke2 85.Rc3 Kf1 
86.Rd3 Kg1 87.Rd1+ Kg2 88.Rd2+ Kg3 89.Rd3+ Kf4 90.Rc3 Kg4 91.Rc4+ Kg3 92.
Rc3+ Kg2 93.Rc2+ Kg1 94.Rc3 Rh1 95.Kxb2 h2 96.Rc2 Kf1 1/2-1/2

[Event "POL-chT2"]
[Site "Poronin POL"]
[Date "2016.09.06"]
[Round "4.12"]
[White "Weglarz, Joanna"]
[Black "Jakubowska, Anna"]
[Result "0-1"]
[WhiteElo "1986"]
[BlackElo "2205"]
[EventDate "2016.09.02"]

1.d4 d5 2.Nf3 Nf6 3.c4 c6 4.e3 e6 5.Nc3 Nbd7 6.Bd3 dxc4 7.Bxc4 b5 8.Bd3 a6
9.O-O c5 10.b3 Bb7 11.Bb2 cxd4 12.exd4 Be7 13.Qe2 O-O 14.a3 Nb6 15.Ne4 
Nxe4 16.Bxe4 Bxe4 17.Qxe4 Qd5 18.Qe3 Qf5 19.Ne5 Nd5 20.Qd3 Qg5 21.Bc1 Qh5 
22.b4 Rfc8 23.Bd2 Bd6 24.Rfe1 Bxe5 25.dxe5 Qg6 26.Qxg6 hxg6 27.Rec1 Nb6 
28.Bf4 Rxc1+ 29.Rxc1 Rd8 30.Kf1 Rd3 31.Ra1 Rb3 32.Bc1 Kf8 33.Be3 Nd7 34.
Bc5+ Nxc5 35.bxc5 Rc3 36.Rd1 Rxc5 37.Rd6 Rxe5 38.Rxa6 Ke7 39.Ra7+ Kf6 40.
Rb7 g5 41.f3 Kg6 42.a4 bxa4 43.Ra7 Rb5 44.Rxa4 Rb2 45.Ra6 Kf6 46.Ra7 Rd2 
47.Rb7 Kg6 48.Re7 Rd6 49.Ke2 f5 50.Rc7 Rd4 51.Rc6 Kf6 52.Kf2 g4 53.Rc8 
gxf3 54.gxf3 e5 55.Rc6+ Kg5 56.Ke3 Ra4 57.Rc3 Ra2 58.Rc5 Ra3+ 59.Kf2 Kf4 
60.Rc4+ e4 61.fxe4 fxe4 62.Rc7 Ra2+ 63.Ke1 g5 64.h3 Rh2 65.Rh7 Kf3 66.Rh5 
e3 0-1

[Event "POL-chT2"]
[Site "Poronin POL"]
[Date "2016.09.06"]
[Round "4.14"]
[White "Stoma, Pawel"]
[Black "Przybylski, Wojciech"]
[Result "1-0"]
[WhiteElo "2333"]
[BlackElo "2337"]
[EventDate "2016.09.02"]

1.e4 c5 2.Nf3 e6 3.Nc3 Qc7 4.Bc4 Nc6 5.O-O a6 6.a4 Nge7 7.d3 Ng6 8.Kh1 Bd6
9.Be3 O-O 10.Ng5 b6 11.Qh5 h6 12.Nxf7 Nf4 13.Bxf4 Bxf4 14.Nd5 exd5 15.exd5
d6 16.dxc6 Rxf7 17.Rfe1 Kf8 18.Re4 Be5 19.f4 Bxb2 20.Rb1 Bd4 21.Rxb6 g6 
22.Qd5 Ra7 23.a5 Kg7 24.Re8 Ra8 25.h4 Bc3 26.Rxc8 Rxc8 27.Rb7 Rxf4 28.
Rxc7+ Rxc7 29.Qg8+ Kf6 30.Qe6+ Kg7 31.Qg8+ Kf6 32.Qd8+ Kf5 33.Qxc7 Rf1+ 
34.Kh2 Be5+ 35.g3 1-0

[Event "POL-chT2"]
[Site "Poronin POL"]
[Date "2016.09.06"]
[Round "4.15"]
[White "Kaczmarek, Aleksander"]
[Black "Miroslaw, Michal"]
[Result "1/2-1/2"]
[WhiteElo "2332"]
[BlackElo "2312"]
[EventDate "2016.09.02"]

1.e4 c6 2.d4 d5 3.e5 Bf5 4.Ne2 e6 5.Ng3 Bg6 6.h4 h5 7.a3 c5 8.c3 Nd7 9.Be3
c4 10.a4 Bxb1 11.Rxb1 a6 12.Nxh5 g6 13.Nf4 Rxh4 14.Rxh4 Qxh4 15.b3 b5 16.
Qf3 cxb3 17.axb5 a5 18.Rxb3 Nb6 19.Rb1 Rc8 20.Bd2 a4 21.Bd3 Nh6 22.g3 Qe7 
23.Bc2 Nf5 24.Bxf5 gxf5 25.Nh5 Kd7 26.Ra1 Rc4 27.g4 fxg4 28.Qxg4 Kc7 29.
Nf6 Kb7 30.Qg8 Rc8 31.Qh7 Qc7 32.Kf1 Nc4 33.Bc1 Nb6 34.Bd2 Nc4 35.Qc2 
Nxd2+ 36.Qxd2 Qc4+ 37.Kg2 Be7 38.Ng4 a3 39.Rc1 Qxb5 40.Qc2 Qc6 41.Rb1+ Kc7
42.Ne3 Kd7 43.Rb3 Qa6 44.Qa2 Qa5 45.Nd1 Qa8 46.Ne3 Rh8 47.Rb6 Kc7 48.Rb1 
Rb8 49.Nc2 Rxb1 50.Qxb1 Qg8+ 51.Kf1 Qg6 52.Qb3 Qd3+ 53.Ke1 Bg5 54.Nb4 Bd2+
55.Kd1 Qxc3 56.Na6+ 1/2-1/2

[Event "POL-chT2"]
[Site "Poronin POL"]
[Date "2016.09.06"]
[Round "4.16"]
[White "Panas, Pawel"]
[Black "Reza, Wojciech"]
[Result "1-0"]
[WhiteElo "2132"]
[BlackElo "2310"]
[EventDate "2016.09.02"]

1.d4 Nf6 2.Nf3 e6 3.e3 c5 4.Bd3 b6 5.O-O Bb7 6.c4 Be7 7.b3 O-O 8.Bb2 cxd4 
9.exd4 d5 10.Nbd2 Nc6 11.Qe2 Rc8 12.Rac1 Rc7 13.a3 dxc4 14.bxc4 Bd6 15.
Rfe1 Qe7 16.Qe3 Na5 17.Ne5 g6 18.Bb1 Rfc8 19.Ba2 Ba6 20.f4 Ne8 21.c5 Bxe5 
22.Qxe5 Qf6 23.Qe3 bxc5 24.Ne4 Qf5 25.dxc5 Kf8 26.h3 h5 27.Red1 h4 28.Qd4 
Qxf4 29.Qh8+ Ke7 30.Nd6 Rd8 31.Re1 Rxc5 32.Rxc5 Nxd6 33.Rc7+ Rd7 34.Bf6+ 
Qxf6 35.Rxd7+ 1-0